|
|
|
|
| LEADER |
01608nam a2200457 a 4500 |
| 001 |
nkc20132528248 |
| 003 |
CZ PrNK |
| 005 |
20170303074031.0 |
| 007 |
ta |
| 008 |
131205s2013 xr a b p 000 0 eng |
| 015 |
|
|
|a cnb002528248
|
| 020 |
|
|
|a 978-80-7451-312-1
|q (brož.)
|
| 035 |
|
|
|a (OCoLC)867822535
|
| 040 |
|
|
|a ABA001
|b cze
|
| 041 |
0 |
|
|a eng
|a slo
|
| 072 |
|
7 |
|a 811.111
|x Angličtina
|2 Konspekt
|9 11
|
| 072 |
|
7 |
|a 37.016
|x Učební osnovy. Vyučovací předměty. Učebnice
|2 Konspekt
|9 22
|
| 080 |
|
|
|a 811.111
|2 MRF
|
| 080 |
|
|
|a 81'23
|2 MRF
|
| 080 |
|
|
|a (075.2)
|2 MRF
|
| 080 |
|
|
|a (076.1)
|2 MRF
|
| 100 |
1 |
|
|a Zahálková, Marie
|7 jn20010309254
|4 aut
|
| 245 |
1 |
0 |
|a Listen and learn :
|b cvičenia na počúvanie pre malých školákov /
|c [Marie Zahálková ; ilustrácie a grafické spracovanie Lenka Majtánová]
|
| 260 |
|
|
|a Praha :
|b Ottovo nakladatelství,
|c 2013
|
| 300 |
|
|
|a 79 s. :
|b il. ;
|c 25 cm +
|e 2 CD
|
| 490 |
1 |
|
|a Ottíkova škola
|
| 546 |
|
|
|a Část. slovenský text
|
| 650 |
0 |
7 |
|a angličtina
|7 ph114056
|2 czenas
|
| 650 |
0 |
7 |
|a poslech (lingvistika)
|7 ph196652
|2 czenas
|
| 650 |
0 |
9 |
|a English language
|2 eczenas
|
| 650 |
0 |
9 |
|a listening
|2 eczenas
|
| 655 |
|
7 |
|a učebnice základních škol
|7 fd133773
|2 czenas
|
| 655 |
|
7 |
|a pracovní sešity
|7 fd133116
|2 czenas
|
| 655 |
|
9 |
|a textbooks (elementary)
|2 eczenas
|
| 655 |
|
9 |
|a activity books
|2 eczenas
|
| 830 |
|
0 |
|a Ottíkova škola
|0 s
|
| 910 |
2 |
|
|a BOA001
|b 2-1370.906
|
| 990 |
|
|
|a BK
|
| 995 |
|
|
|a 01
|
| 991 |
|
|
|b 201607
|c NOV
|
| 996 |
6 |
|
|b 2610676164
|c 2-1370.906
|l MZK
|r Sklad / do 1 hodiny
|n 0
|p p.v.
|w 001567238
|u 000010
|a 1
|e BOA001
|j MZK50
|s P
|